00622cam a2200157 a 4500020001500000040000800015082002600023245011100049246006400160260007600224300002400300650002800324650002500352650002600377710006100403 a925104788X cDJB00a346 FOO 2002 A015 Or.00aLaw and sustainable development since Rio :blegal trends in agriculture and natural resource management /30aLegal trends in agriculture and natural resource management aRome :bFood and Agriculture Organization of the United Nations,c2002. av, 376 p. ;c23 cm. 0aSustainable development 0aEconomic development 0aEnvironmental policy.2 aFood and Agriculture Organization of the United Nations.